00336nam a2200121 a 450000500170000000800410001702000180005805000260007610000200010224500510012226000320017330000090020520140412111302.0110128s19uu xx 00 eng d a0-439-51786-9 aTR(GS 745.4bAl1 2008 aAlcorn, Jo Lynn aAmazing animal art projects /cJo Lynn Alcorn. aU.S.A :bScholastic,c2008. a80p.